000 00657nam a2200241Ia 4500
003 OSt
005 20220923224605.0
006 a|||||r|||| 00| 0
007 ta
008 220922b |||||||| |||| 00| 0 hin d
024 _a244,203
037 _cTextual
040 _aARTS
_cARTS
_bhin
041 _2hin
_ahin
082 _aO152,3N64,M0, P4
100 _aसाकेत
245 0 _aमोहभंग
246 _aMohabhanga
260 _aकोलकाता
_b ललित प्रकाशन
_c2004
300 _a176पृ.
_ccm.
942 _hO152,3N64,M0, P4
_cTEXL
_2CC
999 _c372393
_d372393